The galaxy (Record no. 9242)

MARC details
000 -LEADER
fixed length control field 00862nam a2200217Ia 4500
003 - CONTROL NUMBER IDENTIFIER
control field IN-BaIIA
008 - FIXED-LENGTH DATA ELEMENTS--GENERAL INFORMATION
fixed length control field 211028s9999 xx 000 0 eng d
020 ## - INTERNATIONAL STANDARD BOOK NUMBER
International Standard Book Number 90-277-2545-4
040 ## - CATALOGING SOURCE
Transcribing agency IIA Library
080 ## - UNIVERSAL DECIMAL CLASSIFICATION NUMBER
Universal Decimal Classification number 524.6(082.1)
Item number THE
111 ## - MAIN ENTRY--MEETING NAME
Meeting name or jurisdiction name as entry element NATO Advanced Study Institute Workshop on the Galaxy
Location of meeting Cambridge, UK
Date of meeting or treaty signing 1986 Aug. 4-15
9 (RLIN) 15525
245 #4 - TITLE STATEMENT
Title The galaxy
Remainder of title proceedings of NATO advanced study institute workshop on the galaxy, held in Cambridge, UK, 4-15 August 1986
Statement of responsibility, etc. edited by Gerry Gilmore and Bob Carswell
260 ## - PUBLICATION, DISTRIBUTION, ETC.
Place of publication, distribution, etc. Dordrecht
Name of publisher, distributor, etc. D. Reidel Publishing
Date of publication, distribution, etc. 1987
300 ## - PHYSICAL DESCRIPTION
Extent xiii, 435p.
490 ## - SERIES STATEMENT
Series statement NATO ASI series. Series C : mathematical and physical scienc
650 ## - SUBJECT ADDED ENTRY--TOPICAL TERM
Topical term or geographic name entry element Astronomy and astrophysics thesaurus
650 ## - SUBJECT ADDED ENTRY--TOPICAL TERM
Topical term or geographic name entry element Galaxy
9 (RLIN) 3368
700 ## - ADDED ENTRY--PERSONAL NAME
Personal name Carswell, Bob ed.
9 (RLIN) 15526
700 ## - ADDED ENTRY--PERSONAL NAME
Personal name Gilmore, Gerry ed.
9 (RLIN) 15527
942 ## - ADDED ENTRY ELEMENTS (KOHA)
Koha item type Books
Holdings
Withdrawn status Lost status Damaged status Not for loan Home library Current library Shelving location Date acquired Cost, normal purchase price Total Checkouts Full call number Barcode Date last seen Cost, replacement price Price effective from Koha item type Purchase Price
        IIA Library-Bangalore IIA Library-Bangalore General Stacks   1350.00   524.6(082.1)/ THE 10149 05/11/2021 1350.00   Books Rs. 1350.00

Powered by Koha